Mathematical physics and physical mathematics : proceedings of the International Symposium organized by the Mathematical Institute of the Polish Academy of Sciences, The Institute for Nuclear Research and University of Warsaw, held in Warsaw 25-30 March, 1974
Αποθηκεύτηκε σε:
| Συγγραφή απο Οργανισμό/Αρχή: | |
|---|---|
| Άλλοι συγγραφείς: | , |
| Μορφή: | Βιβλίο |
| Γλώσσα: | English |
| Δημοσίευση: |
Dordrecht, Marsaw :
D. Reidel : ; PWN-Polish Scientific Publishers,
c1976.
|
| Σειρά: | Mathematical physics and applied mathematics ;
2 |
| Θέματα: | |
| Ετικέτες: |
Προσθήκη ετικέτας
Δεν υπάρχουν, Καταχωρήστε ετικέτα πρώτοι!
|
MARC
| LEADER | 00000cam a2200000 i 4500 | ||
|---|---|---|---|
| 001 | 1/29766 | ||
| 008 | 960702s1976####ne | ||| |||| ||eng|| | ||
| 020 | |a 9027705372 | ||
| 035 | |a 1995 |l 10038399 | ||
| 040 | |a GR-MyUA |b gre |e AACR2 | ||
| 041 | 0 | |a eng | |
| 082 | 0 | |a 530.15 | |
| 245 | 0 | 0 | |a Mathematical physics and physical mathematics : |b proceedings of the International Symposium organized by the Mathematical Institute of the Polish Academy of Sciences, The Institute for Nuclear Research and University of Warsaw, held in Warsaw 25-30 March, 1974 / |c edited by Krzysztof Maurin and Ryszard Raczka. |
| 260 | |a Dordrecht, Marsaw : |b D. Reidel : ; |b PWN-Polish Scientific Publishers, |c c1976. | ||
| 300 | |a 504 σ. ; |c 23 εκ. | ||
| 490 | 1 | |a (Mathematical physics and applied mathematics ; |v 2) | |
| 504 | |a Περιέχει βιβλιογραφικές αναφορές. | ||
| 650 | 0 | 0 | |a Mathematical physics. |
| 700 | 1 | |a Maurin, Krzysztof, |e edt | |
| 700 | 1 | |a Raczka, Ryszard, |e edt | |
| 710 | 2 | |a Instytut Matematyczny (Polska Akademia Nauk) | |
| 830 | 0 | |a Mathematical physics and applied mathematics ; |v 2 | |
| 852 | |a INST |b SAMOS |e 19960702 |h 530.15 MAT |p 005300005381 |q 005300005381 |t BK |y 0 | ||